| 000 | 00766 a2200205 4500 | ||
|---|---|---|---|
| 999 |
_c1603 _d1603 |
||
| 020 | _a87901902- LCCN | ||
| 050 | 0 | 0 | _aHD9766 SIN 1987 |
| 100 | 1 |
_aSingh, Anil K., _d1953- _eauthor |
|
| 245 | 1 | 0 |
_aForest resource, economy, and environment / _cA.K. Singh, V.K. Kumra, J. Singh. |
| 264 |
_aNew Delhi _bConcept Publishing Company _c1987 |
||
| 300 |
_axv, 124 p. : _bill., maps ; |
||
| 500 | _aIncludes index. | ||
| 504 | _aBibliography: p. [119]-121. | ||
| 650 | 0 |
_aForests and forestry _xEconomic aspects |
|
| 650 | 0 |
_aForests and forestry _xEnvironmental aspects |
|
| 700 | 1 |
_aKumra, Virendra Kumar, _d1954- |
|
| 700 | 1 |
_aSingh, Jagadish, _d1952- |
|
| 942 |
_2lcc _cBK _h9766 _iSIN _k1987 |
||